01373nam a2200253 a 4500001001000000003000400010005001700014008004100031040002500072100004100097245012900138260009000267300002100357490006200378500003600440586006100476590002700537830006700564942001400631952015300645952017800798952012600976999001701102000045649OSt20210923120010.0150421d1981 dr 000 0 spa d aDO-SdBNPbspacBNPHU1 aDomínguez, Franklin,d1931-91495010aLisístrata odia la política :bobra teatral en tres actos inspirada en un tema de Aristófanes /cFranklin Domínguez. aSanto Domingo :bSecretaría de Estado de Educación, Bellas Artes y Cultos,c1981. a127 p. ;c21 cm. aPremios nacionales Santo Domingo, República Dominicana. aFeria Nacional del libro, 1981. aPremio nacional de teatro, Cristóbal de Llerena, 1980. aInventariado, 2021 /LP 0aPremios nacionales Santo Domingo, República Dominicana.9718 2ddccLBS1 00102ddc51708PDaBNPHUbPDcHDd2015-04-21l0p45649-10r2020-06-25w2020-06-25yLFPDzPerteneció a la biblioteca personal de Erick Landestoy. 00102ddc51708PDaBNPHUbPDcHDd2015-08-07l0p45649-20r2020-06-25te. 2w2020-06-25yLFPDzPerteneció a la biblioteca personal de Chiqui Vicioso / Fidelio Despradel. 00102ddc56708DSaBNPHUbDOcHDd2021-03-01eDonación Manuel Ortizl0p2021-0513r2021-03-01te. 3w2021-03-01yLFDS c45138d45138